书目信息 |
| 题名: |
社会组织等级评估
|
|
| 作者: | 李锦顺 主编 | |
| 分册: | ||
| 出版信息: | 北京 中国社会出版社 2016 |
|
| 页数: | 307页 | |
| 开本: | 24cm | |
| 丛书名: | 社会组织培训教材丛书 | |
| 单 册: | ||
| 中图分类: | C912.2 | |
| 科图分类: | ||
| 主题词: | 社会团体--she hui tuan ti--评估--教材 | |
| 电子资源: | ||
| ISBN: | 978-7-5087-5311-9 | |
| 000 | 01035nam0 22002531 450 | |
| 001 | 0115101214 | |
| 005 | 20170415101214.0 | |
| 010 | @a978-7-5087-5311-9@dCNY48.00 | |
| 100 | @a20160722d2016 em y0chiy50 ea | |
| 101 | 0 | @achi |
| 102 | @aCN@b110000 | |
| 105 | @ay z 000yy | |
| 106 | @ar | |
| 200 | 1 | @a社会组织等级评估@Ashe hui zu zhi deng ji ping gu@f李锦顺主编 |
| 210 | @a北京@c中国社会出版社@d2016 | |
| 215 | @a307页@d24cm | |
| 225 | 2 | @a社会组织培训教材丛书@Ashe hui zu zhi pei xun jiao cai cong shu@f广州社会组织研究院,广州市社会组织联合会编 |
| 330 | @a本书内容包括:我国社会组织等级评估的典型做法和经验、广州社会组织等级评估实务、广州市社会组织等级评估指标体系解读及经典案例、广州市民办非企业单位等级评估指标体系解读及经典案例等。 | |
| 461 | 0 | @12001 @a社会组织培训教材丛书@f广州社会组织研究院,广州市社会组织联合会编 |
| 606 | 0 | @a社会团体@Ashe hui tuan ti@x评估@j教材 |
| 690 | @aC912.2@v5 | |
| 701 | 0 | @a李锦顺@Ali jin shun@f(1970~)@4主编 |
| 801 | 0 | @aCN@bTANGWEI@c20170308 |
| 905 | @b0965491-4@dC912.2@e986@f4 | |
| 社会组织等级评估/李锦顺主编.-北京:中国社会出版社,2016 |
| 307页;24cm.-(社会组织培训教材丛书/广州社会组织研究院,广州市社会组织联合会编) |
| ISBN 978-7-5087-5311-9:CNY48.00 |
| 本书内容包括:我国社会组织等级评估的典型做法和经验、广州社会组织等级评估实务、广州市社会组织等级评估指标体系解读及经典案例、广州市民办非企业单位等级评估指标体系解读及经典案例等。 |
| ● |
| 相关链接 |
|
|
|
|
正题名:社会组织等级评估
索取号:C912.2/986
 
预约/预借
| 序号 | 登录号 | 条形码 | 馆藏地/架位号 | 状态 | 备注 |
| 1 | 0965491 | 209654916 | 第一样本阅览室/ [索取号:C912.2/986] | 在馆 | |
| 2 | 0965492 | 209654925 | 密集书库-史法系/ [索取号:C912.2/986] | 在馆 | |
| 3 | 0965493 | 209654934 | 第一借阅区/ [索取号:C912.2/986] | 在馆 | |
| 4 | 0965494 | 209654943 | 第一借阅区/ [索取号:C912.2/986] | 在馆 |